Catálogo

MANUAL DE DIBUJO ARQUITECTONICO (Registro nro. 38639)

Detalles MARC
000 -LEADER
fixed length control field 00734nam a2200253 a 4500
001 - CONTROL NUMBER
control field 38639
003 - CONTROL NUMBER IDENTIFIER
control field Mx-PuUPA
005 - DATE AND TIME OF LATEST TRANSACTION
control field 20260212131103.0
008 - FIXED-LENGTH DATA ELEMENTS--GENERAL INFORMATION
fixed length control field 140415s2000 sp 000 0 spa d
020 ## - INTERNATIONAL STANDARD BOOK NUMBER
International Standard Book Number 9688873640
040 ## - CATALOGING SOURCE
Transcribing agency Mx-PuUPA
041 ## - LANGUAGE CODE
Language code of text/sound track or separate title spa
082 ## - DEWEY DECIMAL CLASSIFICATION NUMBER
Classification number 720.28
Item number CHI
100 1# - MAIN ENTRY--PERSONAL NAME
Personal name CHING, FRANK
245 10 - TITLE STATEMENT
Title MANUAL DE DIBUJO ARQUITECTONICO
250 ## - EDITION STATEMENT
Edition statement 3a ed.
260 ## - PUBLICATION, DISTRIBUTION, ETC.
Place of publication, distribution, etc. ESPAÑA :
Name of publisher, distributor, etc. GUSTAVO GILI,
Date of publication, distribution, etc. 2000
300 ## - PHYSICAL DESCRIPTION
Extent 178
Dimensions x 21 x 30
520 ## - SUMMARY, ETC.
Summary, etc. TRATA DE LOS PRINCIPIOS TRADICONALES, BÁSICOS DE LA EXPRESIÓN GRÁFICA, DESDE LA LÍNEA A LA FORMA, LA SOMBRA Y EL ESPACIO.
650 14 - SUBJECT ADDED ENTRY--TOPICAL TERM
Topical term or geographic name entry element DIBUJO ARQUITECTONICO
700 1# - ADDED ENTRY--PERSONAL NAME
Personal name CARBONEL, JORGE
Relator term tr.
740 ## - ADDED ENTRY--UNCONTROLLED RELATED/ANALYTICAL TITLE
Uncontrolled related/analytical title ARCHITECTURAL GRAPHICS
942 ## - ADDED ENTRY ELEMENTS (KOHA)
Source of classification or shelving scheme Dewey Decimal Classification
Koha item type Libro
Existencias
Withdrawn status Lost status Source of classification or shelving scheme Damaged status Not for loan Collection code Home library Current library Shelving location Date acquired Source of acquisition Inventory number Total Checkouts Full call number Barcode Date last seen Date last checked out Price effective from Koha item type
    Dewey Decimal Classification     General Biblioteca Karol Wojtyla Biblioteca Karol Wojtyla Sala general 03/12/2013 Compra 151000000000000000027772 3 720.28 CHI 58166 05/01/2026 10/02/2025 03/12/2013 Libro